000 00259nam a2200097Ia 4500
082 _a428.24071 HARM
245 0 _aHow to teach writing
100 _a HARMER, Jeremy Harlow, 2004
_996511
942 _cBK
008 210817s9999 xx 000 0 und d
999 _c405738
_d405737